La agricultura de América Latina y el Caribe: estrategias para el fin de siglo
Documenta la realización de la X Conferencia Interamericana de Ministros de Agricultura (CIMA), llevada a cabo del 23 al 27 de setiembre de 1991 en Madrid. La publicación recopila una serie de documentos de trabajo y de referencia para debatir el tema de la agricultura de América Latina y el Caribe...
Salvato in:
| Ente Autore: | |
|---|---|
| Natura: | Atti del Convegno Libro |
| Lingua: | Spanish |
| Pubblicazione: |
San José, Costa Rica:
IICA,
1992
|
| Soggetti: | |
| Tags: |
Aggiungi Tag
Nessun Tag, puoi essere il primo ad aggiungerne!!
|
MARC
| LEADER | 00000nam a22000007a 4500 | ||
|---|---|---|---|
| 003 | cru CIDCACS/IIS | ||
| 005 | 20171201102623.0 | ||
| 007 | ta | ||
| 008 | 171103t1992 cr |||||r|||| 00| 0 spa d | ||
| 999 | |c 40553 |d 40553 | ||
| 020 | |a 9290391839 | ||
| 040 | |c cru CIDCACS/IIS | ||
| 090 | |a 07.01.02 C748a | ||
| 111 | 2 | |9 5862 |a Conferencia Interamericana de Ministros de Agricultura |c (Madrid |d 1991 setiembre 22-27) | |
| 245 | 1 | 3 | |a La agricultura de América Latina y el Caribe: |b estrategias para el fin de siglo |
| 260 | |a San José, Costa Rica: |b IICA, |c 1992 | ||
| 300 | |a 551 páginas: |b tablas, gráficos | ||
| 520 | |a Documenta la realización de la X Conferencia Interamericana de Ministros de Agricultura (CIMA), llevada a cabo del 23 al 27 de setiembre de 1991 en Madrid. La publicación recopila una serie de documentos de trabajo y de referencia para debatir el tema de la agricultura de América Latina y el Caribe en el contexto internacional de los noventa. Dentro de dichos documentos se explica el marco conceptual de la convocatoria y los nuevos mandatos para la agricultura. | ||
| 650 | 4 | |9 2014 |a DESARROLLO AGROPECUARIO | |
| 650 | 1 | 0 | |9 1027 |a POLITICA AGRICOLA |
| 650 | 1 | 0 | |9 93 |a AGRICULTURA |
| 650 | 0 | |9 4407 |a INDUSTRIA ALIMENTARIA | |
| 650 | 1 | 0 | |9 2589 |a CONFERENCIAS |
| 942 | |2 ddc |c LI | ||



